Central Library OPAC University of Rajshahi

Nine modern plays / (Record no. 22245)

MARC details
000 -LEADER
fixed length control field 00741nam a22002412a 4500
001 - CONTROL NUMBER
control field 22245
003 - CONTROL NUMBER IDENTIFIER
rucl marc code BD-RjUL
005 - DATE AND TIME OF LATEST TRANSACTION
control field 20251123111107.0
008 - FIXED-LENGTH DATA ELEMENTS--GENERAL INFORMATION
fixed length control field 140306r19491926enk 000 0 eng d
035 ## - SYSTEM CONTROL NUMBER
System control number (BD-RjUL)22310
040 ## - CATALOGING SOURCE
Original cataloging agency VA@
Transcribing agency VA@
Modifying agency WYU
-- EQO
-- BD-RjUL
Language of cataloging eng
041 ## - LANGUAGE CODE
Language code of text/sound track or separate title eng
082 04 - DEWEY DECIMAL CLASSIFICATION NUMBER
Classification number 844
Author mark and year NIN 1926
090 ## - LOCALLY ASSIGNED LC-TYPE CALL NUMBER (OCLC); LOCAL CALL NUMBER (OCLC)
Classification number (OCLC) (R) ; Classification number, CALL (RLIN) (NR) PR1272
Local cutter number (OCLC) ; Book number/undivided call number, CALL (RLIN) .H27 1926
245 10 - TITLE STATEMENT
Title Nine modern plays /
Statement of responsibility, etc. selected and edited by John Hampden
260 ## - PUBLICATION, DISTRIBUTION, ETC. (IMPRINT)
Place of publication, distribution, etc. London ;
-- New York :
Name of publisher, distributor, etc. T. Nelson,
Date of publication, distribution, etc. 1926, [reprinted 1934,1949]
300 ## - PHYSICAL DESCRIPTION
Pagination 256 p. :
Illustrations ill. ;
Size 16 cm.
490 1# - SERIES STATEMENT
Series statement "Teaching of English" series
650 #0 - SUBJECT ADDED ENTRY--TOPICAL TERM
Topical term or geographic name as entry element English drama
Chronological subdivision 20th century
9 (RLIN) 68660
700 ## - ADDED ENTRY--PERSONAL NAME
Personal name Hampden, John,
830 #0 - SERIES ADDED ENTRY--UNIFORM TITLE
Uniform title "Teaching of English" series
942 ## - ADDED ENTRY ELEMENTS (KOHA)
Source of classification or shelving scheme Dewey Decimal Classification
Koha item type Books
Holdings
Lost status Source of classification or shelving scheme Damaged status Not for loan Collection code Permanent Location Current Location Shelving location Date acquired Source of acquisition Cost, normal purchase price Total Checkouts Full call number Date last seen Copy number Koha item type
  Dewey Decimal Classification     Fiction Central Library, University of Rajshahi Central Library, University of Rajshahi Reading Room 22/01/1955 M. B. P 2.40   822.9 NIN 1926 06/03/2014 C-2 Books
  Dewey Decimal Classification     Fiction Central Library, University of Rajshahi Central Library, University of Rajshahi   23/10/1990 Shaukat Osman, Dhaka     844 NIN 1949 27/03/2014 C-5 Books
  Dewey Decimal Classification     Fiction Central Library, University of Rajshahi Central Library, University of Rajshahi General Stacks 24/01/1955 M.U.P. Dhaka. 2.40   844 NIN 1926 17/10/2022 C-3 Books
  Dewey Decimal Classification     Fiction Central Library, University of Rajshahi Central Library, University of Rajshahi General Stacks 16/04/2009 M.U.P. Dhaka. 2.40   844 NIN 1926 17/10/2022 C-4 Books
  Dewey Decimal Classification   Not For Loan Fiction Central Library, University of Rajshahi Central Library, University of Rajshahi Reading Room 23/11/2025       844 NIN 1934 23/11/2025 C-1 Books
  Dewey Decimal Classification     Fiction Central Library, University of Rajshahi Central Library, University of Rajshahi General Stacks 23/11/2025       844 NIN 1935 23/11/2025 C-6 Books